000 01302cam a2200385 a 4500
001 3282
005 20250114112749.0
020 _a0753458543 (pbk.)
020 _a9780753458549
040 _aEOW
_cEOW
_dBAKER
_dIUI
_dDLC
_beng
050 0 0 _a823.9
_b 2005
100 1 _aO'Brien, Claire
245 1 0 _aBarn party /
_cby O'Brien, Claire ; illustrated by Archbold, Tim
250 _aFirst published by Kingfisher in 1996
260 _aBoston :
_bKingfisher,
_c2005
300 _a46 pages :
_bcolor illustrations ;
_c24 cm.
490 _aI am reading
505 _aM
520 _aChicken decides to hold a party, but Cockerel makes trouble by trying to exclude the animals he thinks are too untidy.
521 2 _a540
_bLexile
521 2 _aM
_bRaz-Plus
650 0 _aChickens
_vJuvenile fiction
650 0 _aDomestic animals
_vJuvenile fiction
650 0 _aParties
_vJuvenile fiction
650 0 _aOrderliness
_vJuvenile fiction
650 0 _aHygiene
_vJuvenile fiction
650 1 _aChickens
_vFiction.
650 1 _aDomestic animals
_vFiction.
650 1 _aParties
_vFiction.
650 1 _aOrderliness
_vFiction.
650 1 _aCleanliness
_vFiction.
700 1 _aArchbold, Tim
_eillustrator
906 _a7
_bcbc
_ccopycat
_d2
_encip
_f20
_gy-gencatlg
942 _2ddc
_cBK
_n0
999 _c3282
_d3282